[Event "Windsor NAYCC U14"]
[Site "Windsor"]
[Date "2016.08.11"]
[Round "9.78"]
[White "Cui, Kevin"]
[Black "Mathews, Joshua"]
[Result "1/2-1/2"]
[WhiteElo "1204"]
[BlackElo "1446"]
[PlyCount "67"]
[EventDate "2016.08.07"]
[EventType "swiss"]
[EventRounds "9"]
[EventCountry "CAN"]
[SourceTitle "EXT 2022"]
[Source "ChessBase"]
[SourceDate "2021.10.06"]
[SourceVersion "1"]
[SourceVersionDate "2021.10.06"]
[SourceQuality "1"]

1. e4 e5 2. Nf3 Nc6 3. d4 exd4 4. Bc4 Nf6 5. e5 d5 6. Bb5 Ne4 7. Nxd4 Bd7 8. Nxc6 Bxc6 9. Bxc6+ bxc6 10. 0-0 Bc5 11. Nd2 Nxd2 12. Bxd2 0-0 13. Qg4 Qc8 14. Qg3 Qe6 15. Be3 Bb6 16. Rfe1 f6 17. Bxb6 cxb6 18. f4 Qf5 19. Re2 fxe5 20. fxe5 Rae8 21. Rae1 Re6 22. Rf2 Qg6 23. Rxf8+ Kxf8 24. Qxg6 Rxg6 25. Kf2 Ke7 26. Kf3 Ke6 27. g4 Rh6 28. Kg3 g5 29. Re3 Rg6 30. h4 h6 31. hxg5 hxg5 32. Rf3 c5 33. Rf5 Rg7 34. Kg2 1/2-1/2

[Event "Canadian op U1600"]
[Site "Windsor"]
[Date "2016.07.12"]
[Round "3.51"]
[White "Thanabalachandran, Luxiga"]
[Black "Mathews, Joshua"]
[Result "0-1"]
[WhiteElo "1142"]
[BlackElo "1368"]
[PlyCount "108"]
[EventDate "2016.07.10"]
[EventType "swiss"]
[EventRounds "9"]
[EventCountry "CAN"]
[SourceTitle "EXT 2022"]
[Source "ChessBase"]
[SourceDate "2021.10.06"]
[SourceVersion "1"]
[SourceVersionDate "2021.10.06"]
[SourceQuality "1"]

1. e4 e5 2. Nf3 Nf6 3. Nc3 Bb4 4. Nxe5 0-0 5. Bc4 Bxc3 6. dxc3 Qe7 7. Nf3 Qxe4+ 8. Qe2 Re8 9. Qxe4 Rxe4+ 10. Be2 b6 11. Bg5 Ba6 12. Be3 Nd5 13. Bxa6 Nxa6 14. Ke2 Nxe3 15. fxe3 Rae8 16. Rhe1 Rxe3+ 17. Kf2 Rxe1 18. Rxe1 Rxe1 19. Kxe1 Nc5 20. b3 Ne4 21. c4 Kf8 22. Nd2 Nxd2 23. Kxd2 Ke7 24. Ke3 Ke6 25. Ke4 c5 26. a3 a5 27. c3 g5 28. g4 h6 29. b4 a4 30. h3 d6 31. bxc5 bxc5 32. Ke3 Ke5 33. Kd3 f5 34. gxf5 Kxf5 35. Ke3 g4 36. h4 h5 37. Kf2 Kf4 38. Kg2 g3 39. Kh3 g2 40. Kxg2 Kg4 41. Kg1 Kxh4 42. Kh2 Kg4 43. Kg2 h4 44. Kh2 h3 45. Kg1 Kf3 46. Kh2 Ke3 47. Kxh3 Kd3 48. Kg2 Kxc4 49. Kf2 Kxc3 50. Ke2 Kb3 51. Kd3 c4+ 52. Kd2 c3+ 53. Kc1 c2 54. Kd2 Kb2 0-1

[Event "CAN-ch U14"]
[Site "Windsor"]
[Date "2016.07.08"]
[Round "7.33"]
[White "Mathews, Joshua"]
[Black "Li, Eric M"]
[Result "0-1"]
[WhiteElo "1361"]
[BlackElo "1637"]
[PlyCount "42"]
[EventDate "2016.07.05"]
[EventType "swiss"]
[EventRounds "7"]
[EventCountry "CAN"]
[SourceTitle "EXT 2022"]
[Source "ChessBase"]
[SourceDate "2021.10.06"]
[SourceVersion "1"]
[SourceVersionDate "2021.10.06"]
[SourceQuality "1"]

1. e4 c5 2. Nf3 Nc6 3. Bb5 d6 4. Bxc6+ bxc6 5. 0-0 e5 6. c3 f5 7. Qe2 Be7 8. d4 exd4 9. cxd4 a5 10. Re1 Ba6 11. Qe3 Qd7 12. dxc5 fxe4 13. Qxe4 Nf6 14. Qe3 Nd5 15. Qg5 0-0 16. Qg3 dxc5 17. Bd2 Bd6 18. Ne5 Qf5 19. f3 Rae8 20. Bh6 Bxe5 21. Qg5 Bd4+ 0-1

[Event "CAN-ch U14"]
[Site "Windsor"]
[Date "2016.07.05"]
[Round "1.24"]
[White "Mathews, Joshua"]
[Black "Cai, Jason"]
[Result "0-1"]
[WhiteElo "1361"]
[BlackElo "2185"]
[PlyCount "78"]
[EventDate "2016.07.05"]
[EventType "swiss"]
[EventRounds "7"]
[EventCountry "CAN"]
[SourceTitle "EXT 2022"]
[Source "ChessBase"]
[SourceDate "2021.10.06"]
[SourceVersion "1"]
[SourceVersionDate "2021.10.06"]
[SourceQuality "1"]

1. e4 e6 2. d4 d5 3. e5 c5 4. c3 Nc6 5. Nf3 Bd7 6. Be2 Qb6 7. 0-0 Nh6 8. a3 cxd4 9. b4 Nf5 10. cxd4 Nfxd4 11. Nxd4 Qxd4 12. Qxd4 Nxd4 13. Bb2 Nxe2+ 14. Kh1 Nf4 15. Nd2 Be7 16. g3 Nd3 17. Bd4 f6 18. f4 fxe5 19. fxe5 Rf8 20. Rxf8+ Bxf8 21. Rd1 Ba4 22. Rf1 Rc8 23. Bxa7 Nxe5 24. Re1 Nc6 25. Bb6 Kd7 26. Nf3 Be7 27. h4 Bf6 28. g4 Rf8 29. Bc5 Be7 30. Ng5 e5 31. Bxe7 Kxe7 32. h5 h6 33. Nh3 d4 34. Re2 d3 35. Rd2 e4 36. g5 Ne5 37. gxh6 gxh6 38. Ng1 Nc4 39. Rg2 d2 0-1

[Event "CAN-ch U08"]
[Site "Windsor"]
[Date "2010.07.09"]
[Round "7"]
[White "Mathews, Joshua"]
[Black "Doknjas, Joshua"]
[Result "0-1"]
[WhiteElo "1094"]
[BlackElo "1204"]
[PlyCount "100"]
[EventDate "2010.07.06"]
[EventType "swiss"]
[EventRounds "7"]
[EventCountry "CAN"]
[SourceTitle "EXT 2012"]
[Source "ChessBase"]
[SourceDate "2011.11.24"]
[SourceVersion "1"]
[SourceVersionDate "2011.11.24"]
[SourceQuality "1"]

1. e4 c5 2. Nf3 d6 3. Nc3 e6 4. Bc4 Nc6 5. 0-0 Nge7 6. d3 g6 7. Bg5 Bg7 8. Re1 0-0 9. Qd2 d5 10. Bb5 f6 11. Bh6 a6 12. Bxg7 Kxg7 13. Bxc6 bxc6 14. exd5 cxd5 15. d4 c4 16. Na4 Nf5 17. c3 Nd6 18. Nc5 Re8 19. Re2 Nb7 20. Rae1 Nxc5 21. dxc5 e5 22. Rd1 Be6 23. b4 a5 24. b5 Rc8 25. c6 Rb8 26. Rb1 Re7 27. Qe3 Rc7 28. Ree1 Bf5 29. Rb2 Rxc6 30. bxc6 Rxb2 31. Qc5 Qb6 32. Qe7+ Kh6 33. Qf8+ Kh5 34. Rf1 Qxc6 35. Qh8 Rb7 36. h3 d4 37. g4+ Bxg4 38. hxg4+ Kxg4 39. Nh2+ Kh3 40. f3 dxc3 41. Rc1 Qc5+ 42. Kh1 f5 43. Rf1 Qd6 44. Qc8 Rb2 45. Ng4 Qd2 46. Nf2+ Kg3 47. Qxc4 Qh6+ 48. Qh4+ Qxh4+ 49. Nh3 Qxh3+ 50. Kg1 Rg2# 0-1